01178naa a2200181 a 450000100080000000500110000800800410001910000280006024500900008826000090017852004620018765300160064965300100066565300110067565300250068670000220071177302630073310353592011-10-05 1994 bl uuuu u00u1 u #d1 aGON??ALVES, P. A. de S. aAvaliacao de resistencia a insetos de solo em clones de batata-doce, Ipomoea batatas. c1994 aNa Epagri, Esta????o Experimental de Ituporanga,SC, foram avaliados de 1991 a 1994 clones de batata-doce para resist??ncia a insetos de solo, entre os anos de 1991 a 1994. Neste resumo s??o descritas metodologias de avalia????o. A determina????o visual da porcentagem de raspagem da pel??cula externa da raiz por insetos de solo foi o m??todo mais r??gido, que a contagem do n??mero de furos, para selicionar germoplasma para resist??ncia a insetos de solo. aBatata doce aClone aInseto aVariedade resistente1 aTHOMAZELLI, L. F. tIn: CONGRESO ARGENTINO DE HORTICULTURA, 17. CONGRESO LATINOAMERICANO DE HORTICULTURA, 6., 1994, Huerta Grande, Cordoba, Argentina. Libro de resumenes...Cordoba: Confederacion Latinoamericana de Horticultura/Asociacion Argentina de Horticultura, 1994. p. 102.